Cost Accounting: A Managerial Emphasis (Record no. 5929)
[ view plain ]
| 005 - DATE AND TIME OF LATEST TRANSACTION | |
|---|---|
| control field | 20250628094108.0 |
| 020 ## - INTERNATIONAL STANDARD BOOK NUMBER | |
| International Standard Book Number | 9780273753872 |
| 100 ## - MAIN ENTRY--PERSONAL NAME | |
| Author name | HORNGREN, C |
| 245 ## - TITLE STATEMENT | |
| Title | Cost Accounting: A Managerial Emphasis |
| 250 ## - EDITION STATEMENT | |
| Edition statement | 14th Ed. |
| 260 ## - PUBLICATION, DISTRIBUTION, ETC. | |
| Place of publication, distribution, etc. | Harlow |
| Name of publisher, distributor, etc. | Pearson Education Limited |
| Date of publication, distribution, etc. | 2012 |
| 700 ## - ADDED ENTRY--PERSONAL NAME | |
| Other authors/Editors | DATAR, S.M; RAJAN, M.V |
| 942 ## - ADDED ENTRY ELEMENTS (KOHA) | |
| Source of classification or shelving scheme | Dewey Decimal Classification |
| Koha item type | Books |
| Date last seen | Total checkouts | Full call number | Barcode | Cost, replacement price | Price effective from | Koha item type | Lost status | Source of classification or shelving scheme | Damaged status | Not for loan | Withdrawn status | Home library | Current library | Shelving location | Date acquired | Source of acquisition | Cost, normal purchase price |
|---|---|---|---|---|---|---|---|---|---|---|---|---|---|---|---|---|---|
| 06/28/2025 | 657.42 HOR | MBY000222 | 195000.00 | 06/28/2025 | Books | Dewey Decimal Classification | CBE MBEYA | CBE MBEYA | General Collection | 12/23/2016 | PURCHASE | 65000.00 |
